000 01399nam a22001577a 4500
041 _aukr
080 _a09
090 _bДРУ
100 _aДрук О. С.
245 _aХарактер та взаємовплив англійських та французьких запозичень
260 _aОстрог
_bКАФ
_c2003
300 _a47
520 _aРозділ 1. Запозичення у системі лексичного складу мови. Розділ 2. Французькі запозичення в англійській мові, їх характер та класифікація. 2.1. Причини запозичень. 2.2. Процес запозичення. 2.3. Асиміляція запозичень. 2.4. Французькі запозичення в англійській усній мові. Розділ 3. Англійські запозичення у французькій мові. 3.1. Причини запозичень. 3.2. Процес запозичень. 3.3. Асиміляція запозичень. 3.4. Англійські запозичення у французькій усній мові. Розділ 4. Взаємовплив англійських та французьких запозичень.
_0Запозичення, асиміляція, класифікація.
650 _aResearch Papers
999 _c281832
_d281832
942 _cBK